000 00510nam a22001817a 4500
005 20251108170944.0
008 250721s9999 xx 000 0 ara d
082 1 4 _aط/599.5/أشر
100 1 _aأشرف، وفاء
245 1 0 _aالدلفين /
264 1 _aبيروت :
_bالدار المصرية اللبنانية،
300 _a16ص
490 0 _aأريد أن أعرف ؛ 12
650 1 7 _aالدلفين
650 1 7 _aالحيوانات البحرية
942 _2ddc
_cBK
999 _c52996
_d52996